000
00298nam a22001337a 4500
008
170608b xxu||||| |||| 00| 0 eng d
020
_a
9780070227552
041
_a
eng
080
_a
328
100
_a
18
101
_a
SHP
245
_a
REPRESENTATIVE GOVERNMENT
_c
GALLAGHER,M
942
_2
udc
_c
BK
999
_c
16473
_d
16473